Programa nacional de vacunación /

Las vacunas constituyen, sin lugar a dudas, un pilar fundamental de la medicina preventiva. En Argentina, la lucha contra las enfermedades inmunoprevenibles no tiene fecha de vencimiento: se trata de un trabajo diario cuyo objetivo consiste en comprender que lo que nos protege es el estar vacunados....

Descripción completa

Guardado en:
Autor Corporativo: Canal Encuentro.
Otros Autores: Díaz, Julieta; Conducción.
Formato: Deslizar
Publicado: Argentina, 2010
Series:Al gran pueblo, salud
Materias:
Acceso en línea:https://www.educ.ar/recursos/101467/programa-nacional-de-vacunacion
Etiquetas: Agregar Etiqueta
Sin Etiquetas, Sea el primero en etiquetar este registro!
LEADER 01414ngm a22003495g 4500
001 CEM.cems023616
008 130507s2010##################0###0#####d
005 20250617170023.0
245 1 0 |a Programa nacional de vacunación /  |c Canal Encuentro. 
260 |a Argentina,  |c 2010 
300 |a 45'. 
490 0 |a Al gran pueblo, salud 
500 |a Consultar en ventanilla. 
520 |a Las vacunas constituyen, sin lugar a dudas, un pilar fundamental de la medicina preventiva. En Argentina, la lucha contra las enfermedades inmunoprevenibles no tiene fecha de vencimiento: se trata de un trabajo diario cuyo objetivo consiste en comprender que lo que nos protege es el estar vacunados. La acción de los programas de salud pública es fundamental en este proceso. 
538 |a Soporte: DVD - Color: Si - Grabación DRD 
110 2 |a Canal Encuentro. 
700 1 |a Díaz, Julieta; Conducción. 
082 3 6 |/ DIA 
653 |a BIOLOGIA 
653 |a SALUD 
653 |a ENFERMEDADES 
653 |a SALUD PUBLICA 
653 |a EDUCACION PARA LA SALUD 
653 |a MEDICINA 
653 |a MEDICINA PREVENTIVA 
653 |a VACUNAS 
653 |a MEDICAMENTOS 
653 |a PREVENCION 
653 |a VACUNACION 
653 |a SERIE DE TELEVISIÓN 
856 |u https://www.educ.ar/recursos/101467/programa-nacional-de-vacunacion 
859 |a CEMS  |b BIB. CEMS - Depto. Recursos Didacticos  |h 362  |i DIA  |k DRD  |p 2259.15  |t Ej.1